000 00548nam a2200193 4500
001 126799
003 ES-MaACL
005 20251124170355.0
007 t|
008 070214s1951 sp r ||||1| cat d
100 1 _aRiba, Carles,
_d1893-1959
_996698
245 1 0 _aSis joans /
_cCarles Riba ; il-lustracions de J. Narro.
250 _a2ª ed.
260 _aBarcelona :
_bJuventud,
_c1951.
300 _a120 p. ;
_c22 cm.
700 1 _aNarro, José,
_d1902-
_984950
852 _aES-MaACL
_jD-9044
_bR.33354
999 _c126799
_d126799